Gminy województwa śląskiego na mapie - Statystyki

Ogólne statystyki
  • Ten quiz został rozwiązany 4 420 razy
  • Średni wynik to 64 z 167
Odpowiedzi na mapie
Odpowiedzi zakodowano w zielono-czerwonej skali na mapie do tego quizu, zgodnie z poniższymi procentami.
 
Statystyki odpowiedzi
Powiat Ludność Gmina % Poprawnych
miasto 299 012 Katowice
90%
miasto 227 270 Częstochowa
88%
miasto 182 969 Gliwice
86%
miasto 206 516 Sosnowiec
85%
miasto 175 882 Zabrze
85%
miasto 172 407 Bielsko-Biała
84%
miasto 139 540 Rybnik
84%
miasto 170 059 Bytom
83%
miasto 109 541 Chorzów
83%
miasto 128 415 Tychy
83%
miasto 122 451 Dąbrowa Górnicza
81%
miasto 139 412 Ruda Śląska
80%
żywiecki 31 770 Żywiec
79%
miasto 61 942 Żory
78%
cieszyński 35 173 Cieszyn
77%
miasto 90 283 Jastrzębie-Zdrój
77%
miasto 92 618 Jaworzno
77%
miasto 74 711 Mysłowice
77%
miasto 68 011 Siemianowice Śląskie
76%
miasto 56 126 Piekary Śląskie
75%
pszczyński 50 744 Pszczyna
75%
cieszyński 11 074 Wisła
75%
będziński 57 761 Będzin
74%
miasto 50 750 Świętochłowice
74%
tarnogórski 61 099 Tarnowskie Góry
74%
raciborski 55 405 Racibórz
73%
mikołowski 40 027 Mikołów
72%
zawierciański 50 504 Zawiercie
71%
wodzisławski 48 584 Wodzisław Śląski
68%
bieruńsko-lędziński 19 575 Bieruń
67%
myszkowski 32 250 Myszków
67%
lubliniecki 24 038 Lubliniec
66%
cieszyński 16 017 Ustroń
65%
bieruńsko-lędziński 16 807 Lędziny
64%
kłobucki 20 518 Kłobuck
63%
bielski 44 970 Czechowice-Dziedzice
60%
będziński 32 225 Czeladź
60%
gliwicki 38 685 Knurów
58%
bielski 5726 Szczyrk
58%
rybnicki 42 062 Czerwionka-Leszczyny
51%
pszczyński 6684 Goczałkowice-Zdrój
50%
cieszyński 26 788 Skoczów
50%
bieruńsko-lędziński 8888 Imielin
49%
bielski 12 747 Kozy
49%
tarnogórski 7379 Miasteczko Śląskie
49%
cieszyński 11 985 Istebna
48%
mikołowski 22 418 Łaziska Górne
48%
mikołowski 20 451 Orzesze
48%
tarnogórski 16 965 Radzionków
48%
gliwicki 18 418 Pyskowice
47%
będziński 12 323 Siewierz
46%
częstochowski 7748 Olsztyn
45%
wodzisławski 21 713 Rydułtowy
45%
będziński 7092 Sławków
45%
rybnicki 12 249 Świerklany
44%
raciborski 11 904 Kuźnia Raciborska
43%
gliwicki 9422 Toszek
43%
częstochowski 9735 Blachownia
42%
wodzisławski 17 892 Radlin
42%
tarnogórski 8489 Kalety
40%
częstochowski 9671 Koniecpol
40%
zawierciański 9210 Ogrodzieniec
40%
żywiecki 15 107 Węgierska Górka
40%
będziński 9078 Wojkowice
40%
myszkowski 14 387 Koziegłowy
39%
zawierciański 7932 Szczekociny
39%
pszczyński 4905 Kobiór
38%
gliwicki 8742 Sośnicowice
38%
cieszyński 11 128 Brenna
37%
bieruńsko-lędziński 6144 Chełm Śląski
37%
zawierciański 16 010 Łazy
37%
cieszyński 12 983 Strumień
36%
myszkowski 8419 Żarki
36%
pszczyński 18 101 Pawłowice
35%
zawierciański 8654 Poręba
35%
wodzisławski 14 189 Pszów
35%
bielski 17 017 Wilamowice
35%
żywiecki 10 047 Milówka
34%
mikołowski 5955 Ornontowice
33%
tarnogórski 11 888 Świerklaniec
33%
lubliniecki 9659 Woźniki
33%
tarnogórski 5714 Ożarowice
32%
mikołowski 7876 Wyry
32%
gliwicki 11 834 Gierałtowice
30%
będziński 11 939 Psary
30%
tarnogórski 8183 Tworóg
30%
zawierciański 8718 Pilica
29%
tarnogórski 15 879 Zbrosławice
29%
będziński 11 905 Bobrowniki
28%
kłobucki 9238 Krzepice
28%
myszkowski 10 928 Poraj
28%
wodzisławski 20 992 Gorzyce
27%
tarnogórski 3231 Krupski Młyn
27%
będziński 7632 Mierzęcice
27%
żywiecki 8973 Rajcza
27%
cieszyński 13 237 Zebrzydowice
27%
pszczyński 12 060 Suszec
26%
bielski 13 327 Wilkowice
26%
bieruńsko-lędziński 7630 Bojszowy
25%
raciborski 7385 Nędza
25%
gliwicki 5904 Wielowieś
25%
lubliniecki 6903 Herby
24%
raciborski 5806 Krzanowice
24%
gliwicki 11 618 Pilchowice
24%
żywiecki 4552 Ujsoły
24%
cieszyński 9656 Chybie
23%
cieszyński 10 703 Hażlach
23%
lubliniecki 11 878 Koszęcin
23%
gliwicki 10 638 Rudziniec
23%
żywiecki 13 394 Jeleśnia
22%
wodzisławski 7582 Mszana
22%
bielski 23 471 Jasienica
21%
bielski 7145 Jaworze
21%
rybnicki 4078 Jejkowice
21%
raciborski 11 328 Krzyżanowice
21%
żywiecki 14 131 Łodygowice
21%
pszczyński 16 198 Miedźna
21%
cieszyński 13 074 Goleszów
20%
wodzisławski 5412 Marklowice
20%
częstochowski 5983 Janów
19%
częstochowski 12 781 Poczesna
19%
bielski 15 420 Porąbka
19%
bielski 11 441 Bestwina
18%
rybnicki 9524 Gaszowice
18%
częstochowski 4924 Lelów
18%
rybnicki 9626 Lyski
18%
częstochowski 10 054 Rędziny
18%
zawierciański 4706 Żarnowiec
18%
żywiecki 2420 Koszarawa
17%
częstochowski 10 702 Mstów
17%
częstochowski 14 967 Mykanów
17%
żywiecki 13 068 Radziechowy-Wieprz
17%
raciborski 5123 Rudnik
17%
zawierciański 5219 Włodowice
17%
kłobucki 17 671 Wręczyca Wielka
17%
bielski 11 126 Buczkowice
16%
żywiecki 6196 Gilowice
16%
wodzisławski 13 567 Godów
16%
częstochowski 5619 Kamienica Polska
16%
lubliniecki 6872 Kochanowice
16%
częstochowski 3837 Przyrów
16%
lubliniecki 3347 Boronów
15%
lubliniecki 7562 Ciasna
15%
częstochowski 3917 Dąbrowa Zielona
15%
częstochowski 13 634 Kłomnice
15%
częstochowski 10 763 Konopiska
15%
raciborski 5148 Kornowac
15%
zawierciański 6296 Kroczyce
15%
żywiecki 10 497 Lipowa
15%
wodzisławski 7914 Lubomia
15%
kłobucki 7601 Miedźno
15%
myszkowski 5721 Niegowa
15%
kłobucki 6816 Opatów
15%
lubliniecki 6613 Pawonków
15%
żywiecki 3524 Ślemień
15%
żywiecki 8063 Świnna
15%
żywiecki 6799 Czernichów
14%
cieszyński 5786 Dębowiec
14%
zawierciański 2703 Irządze
14%
kłobucki 5088 Panki
14%
raciborski 6966 Pietrowice Wielkie
14%
kłobucki 5965 Popów
14%
częstochowski 2832 Starcza
14%
kłobucki 5895 Przystajń
13%
kłobucki 6345 Lipie
12%
częstochowski 4891 Kruszyna
11%
żywiecki 4467 Łękawica
11%
Nie znaleziono quizów pasujących do podanych kryteriów
Rozkład punktacji
Procent ludzi z każdym wynikiem
Percentyl według liczby udzielonych odpowiedzi
Twoja historia wyników
Nie rozwiązałeś tego quizu